| 000 | 00628cam a22002293a 4500 | ||
|---|---|---|---|
| 001 | 13254 | ||
| 003 | PGUSA | ||
| 005 | 20140828083303.0 | ||
| 008 | 040822s2004||||xxu|||||s|||||000 | eng d | ||
| 040 |
_aPGUSA _beng |
||
| 042 | _adc | ||
| 050 | 4 | _aSF | |
| 100 | 1 |
_aHastings, Milo M. _q(Milo Milton), _d1884-1957 |
|
| 245 | 1 | 4 |
_aThe Dollar Hen _h[electronic resource] / _cMilo M. Hastings |
| 260 |
_bProject Gutenberg, _c2004 |
||
| 506 | _aPublic domain in the USA. | ||
| 516 | _aElectronic text | ||
| 653 | _aPoultry | ||
| 830 | 0 |
_aProject Gutenberg _v13254 |
|
| 856 | 4 | 0 | _uhttp://www.gutenberg.org/ebooks/13254 |
| 942 | _cEB | ||
| 999 |
_c242509 _d242509 |
||